| 000 | 00990cam a2200301 4500 | ||
|---|---|---|---|
| 999 |
_c130211 _d130211 |
||
| 001 | 3608193 | ||
| 003 | ARRUPE | ||
| 005 | 20200129105201.0 | ||
| 008 | 730122s1972 enka b 001 0 eng | ||
| 010 | _a 72169800 | ||
| 015 | _aB*** | ||
| 020 | _a0582126754 | ||
| 040 |
_aDLC _cDLC _dDLC |
||
| 050 | 0 | 0 |
_aDA538.A1 _bH5 |
| 082 | 0 | 0 |
_a942.07/4/0924 _aB |
| 100 | 1 |
_aHibbert, Christopher, _d1924-2008. _949137 |
|
| 245 | 0 | 0 |
_aGeorge IV, Prince of Wales, 1762-1811 _c[by] Christopher Hibbert. |
| 260 |
_a[London] _bLongman _c[1972] |
||
| 300 |
_axiii, 338 p. _billus. _c24 cm. |
||
| 350 | _a£3.95 | ||
| 504 | _aBibliography: p. 311-319. | ||
| 600 | 0 | 0 |
_aGeorge _bIV, _cKing of Great Britain, _d1762-1830. _949138 |
| 650 | 0 |
_aPrinces _zGreat Britain _xBiography. _949139 |
|
| 651 | 0 |
_aGreat Britain _xHistory _yGeorge III, 1760-1820. _949027 |
|
| 651 | 0 |
_aGreat Britain _xKings and rulers _xBiography. _96218 |
|
| 906 |
_a7 _bcbc _corignew _d3 _encip _f19 _gy-gencatlg |
||
| 942 |
_2lcc _cMONOGRAPH |
||